00652nam a2200145Ia 4500001000900000003000500009008004100014010001100055040000900066110004400075245025500119260008400374300001000458440003800468dia_6855CHAP220117s1964 xx 000 0 und d a178201 cCHAP aOrganización Panamericana de la Salud aControl de las infecciones entericas : ideas para la formulación de un plan de control de las infecciones entéricas, incluyendo medidas de saneamiento ambiental, epidemiología, educación para la salud y de diagnóstico y tratamiento oportuno aEstados Unidos de América :b Organización Panamericana de la Salud,c1964 a83 p. aPublicaciones científicas ; 100